• 首页
  • 本馆介绍
  • 公告通知
  • 最新文献
  • 馆藏检索
  • 电子资源
  • 读者导购
  • 参考咨询
  • 我的图书馆
  • 登录
  • 详细信息显示
  • 放入我的书架
  • 预约/预借图书
  • 作者相关作品
  • 分类相关作品
  • 丛书相关作品
  • 出版社相关作品

书目信息

  • 表格格式
  • 工作单格式
  • 卡片格式
题名:
照相本子
    
 
作者: 几米 著
分册:  
出版信息: 北京   人民文学出版社  2007
页数: 128页
开本: 20cm
丛书名:
单 册:
中图分类: J228.2
科图分类:
主题词: 漫画--中国--现代--画册 , 漫画
电子资源:
ISBN: 978-7-02-006171-6
000 01088nam0 2200265 45
001 1133597797
005 20260413093604.78
010    @a978-7-02-006171-6@dCNY26.00
100    @a20110406e20092007ekmy0chiy0120 ea
101 0  @achi
102    @aCN@b110000
105    @ay t 000yy
200 1  @a照相本子@AZhao Xiang Ben Zi@dThe moments@f几米著@FJi Mi Zhu@zeng
210    @a北京@c人民文学出版社@d2007@h2009
215    @a128页@d20cm
300    @a99畅销文库几米作品集
306    @a台湾大块文化出版股份有限公司授权出版
330    @a本书借着一张张的“虚拟照片”,创造出独特风格的童年气味。照片中的主角是一个心智年龄早已超过同龄孩子的10岁小男孩,他小小年纪就己懂得了感叹时间的流逝,并躲在孤独的角落里为小鸟的去世感到悲伤。在一张张照片中,作者捕捉的不仅是“照片留影前后的趣味”,也是照片另一方面的故事,他试图告诉我们,照片的背后总是有故事,有时候是和照片外表完全不同的故事。
510 1  @aMoments@zeng
606 0  @a漫画@y中国@z现代@j画册
606 0  @a漫画
690    @aJ228.2@v4
701  0 @a几米@AJi Mi@4著
801  0 @aCN@bTANGWEI@c20110413
905    @b0535116-20@dJ228.2@e273:1@f5
    
    照相本子=The moments/几米著.-北京:人民文学出版社,2007(2009)
    128页;20cm
    99畅销文库几米作品集
    
    ISBN 978-7-02-006171-6:CNY26.00
    本书借着一张张的“虚拟照片”,创造出独特风格的童年气味。照片中的主角是一个心智年龄早已超过同龄孩子的10岁小男孩,他小小年纪就己懂得了感叹时间的流逝,并躲在孤独的角落里为小鸟的去世感到悲伤。在一张张照片中,作者捕捉的不仅是“照片留影前后的趣味”,也是照片另一方面的故事,他试图告诉我们,照片的背后总是有故事,有时候是和照片外表完全不同的故事。
●
相关链接 在E读中查询图书 在五车中查询图书 在当当中查询图书 在豆瓣中查询图书


正题名:照相本子     索取号:J228.2/273:1         预约/预借

序号 登录号 条形码 馆藏地/架位号 状态 备注
1 0535116   205351162   第一样本阅览室/ [索取号:J228.2/273:1] 在馆    
2 0535117   205351171   第一借阅区/ [索取号:J228.2/273:1] 在馆    
3 0535118   205351180   第一借阅区/ [索取号:J228.2/273:1] 在馆    
4 0535119   205351199   第一借阅区/ [索取号:J228.2/273:1] 在馆    
5 0535120   205351206   第一借阅区/ [索取号:J228.2/273:1] 在馆    
6 1442657   214426575   第一借阅区/ [索取号:J228.2/273:1] 在馆    
唐山师范学院图书馆 欢迎您!
大连网信软件有限公司© 版权所有